00784nam a2200205Ia 4500003000900000008004100009020001800050040001600068080001700084110004600101245010400147260005700251300001500308490006500323650002500388650001900413942000700432999001700439952012200456IN-BaIIA211028s9999 xx 000 0 eng d a0-87891-518-4 cIIA Library a512.743bREA aResearch and Education Association918666 0aREA's problem solversblinear algebracResearch and Education Association  aNew JerseybResearch and Education Associationc1993 axii,1011p. aREA's problem solvers : A complete solution guide to any tex aLinear Algebra95766 aNASA Thesaurus cBK c10918d10918 00104070aBANbBANcGENd1994-02-23g994.35l0o512.743/ REAp11830r2021-11-05v994.35w1994-02-23yBKGRs. 994.35